| 000 | 01297cam a22003494a 4500 | ||
|---|---|---|---|
| 999 |
_c1288 _d1288 |
||
| 001 | 13049159 | ||
| 003 | GZU | ||
| 005 | 20201005102913.0 | ||
| 008 | 030106s2004 maua b 001 0 eng | ||
| 010 | _a 2003041272 | ||
| 020 | _a0072503300 (alk. paper) | ||
| 020 | _a0071214593 (international : alk. paper) | ||
| 040 |
_aDLC _cDLC _dDLC |
||
| 042 | _apcc | ||
| 050 | 0 | 0 |
_aHB171.5 _b.F734 2004 |
| 082 | 0 | 0 |
_a330 _221 |
| 100 | 1 | _aFrank, Robert H. | |
| 245 | 1 | 0 |
_aPrinciples of economics / _cRobert H. Frank, Ben S. Bernanke. |
| 246 | 3 | 0 | _aEconomics |
| 250 | _a2nd ed. | ||
| 260 |
_aBoston, Mass. : _bMcGraw-Hill, _cc2004. |
||
| 300 |
_axl, 813, [37] p. : _bill. ; _c28 cm. |
||
| 500 | _aVarious multi-media instructional aids, including web sites, are available to supplement the text. | ||
| 504 | _aIncludes bibliographical references and index. | ||
| 650 | 0 | _aEconomics. | |
| 700 | 1 | _aBernanke, Ben. | |
| 856 | 4 | 2 |
_3Publisher description _uhttp://www.loc.gov/catdir/description/mh031/2003041272.html |
| 856 | 4 | 1 |
_3Table of contents _uhttp://www.loc.gov/catdir/toc/mh031/2003041272.html |
| 906 |
_a7 _bcbc _corignew _d1 _eocip _f20 _gy-gencatlg |
||
| 942 |
_2lcc _cBK _e2nd _h171.5 _iFRA _kHB |
||